[Event "Heilbronner SV 2 - SF Deizisau 2"]
[Site "?"]
[Date "2023.11.05"]
[Round "3.3"]
[White "Bronznik, Valerij"]
[Black "Tschlatscher, Thomas"]
[Result "1/2-1/2"]
[WhiteElo "2266"]
[BlackElo "2184"]
[PlyCount "116"]
[EventDate "2023.??.??"]

1. d4 Nf6 2. c4 e6 3. Nc3 Bb4 4. e3 O-O 5. Bd3 d5 6. cxd5 Qxd5 7. Nf3 b6 8. O-O Qa5 9. e4 Ba6 10. e5 Bxc3 11. exf6 Bxd3 12. Qxd3 Bb4 13. Bh6 Qf5 14. Qxf5 exf5 15. Bxg7 Rd8 16. Nh4 Rd5 17. Rac1 Bd6 18. Rc3 Nd7 19. Rf3 f4 20. Re1 c5 21. dxc5 Nxc5 22. g4 h5 23. h3 Ne6 24. Nf5 Nxg7 25. fxg7 Rd2 26. gxh5 Rd5 27. Nxd6 Rxd6 28. Rxf4 Kxg7 29. Re7 Kh6 30. Rfxf7 Rg8+ 31. Kf1 Rd2 32. Rh7+ Kg5 33. h6 Rf8 34. Reg7+ Kh5 35. Rf7 Rxf7 36. Rxf7 Kxh6 37. Rxa7 Rxb2 38. Kg2 b5 39. Kg3 b4 40. f4 b3 41. axb3 Rxb3+ 42. Kg4 Kg6 43. h4 Rb1 44. h5+ Kf6 45. Ra6+ Kg7 46. Kg5 Rg1+ 47. Kf5 Rh1 48. Ra7+ Kh6 49. Kf6 Rb1 50. Re7 Kxh5 51. f5 Rb6+ 52. Re6 Rb7 53. Ra6 Kh6 54. Rd6 Ra7 55. Ke6 Kg5 56. f6 Kg6 57. Rb6 Rf7 58. Ke5 Ra7 1/2-1/2

[Event "Heilbronner SV 2 - SF Deizisau 2"]
[Site "?"]
[Date "2023.11.05"]
[Round "3.4"]
[White "Ensslinger, Colin"]
[Black "Gustain, Marc"]
[Result "1/2-1/2"]
[WhiteElo "1981"]
[BlackElo "2104"]
[PlyCount "110"]
[EventDate "2023.??.??"]

1. e4 d5 2. exd5 Qxd5 3. Nc3 Qd8 4. d4 Nf6 5. Bc4 a6 6. Be3 e6 7. Qf3 Bd6 8. Nge2 Nbd7 9. O-O O-O 10. Ng3 Rb8 11. a4 b6 12. Qe2 Ra8 13. Nce4 Be7 14. Rad1 Bb7 15. Bd3 Qc8 16. c3 Re8 17. Qc2 g6 18. Rfe1 c5 19. dxc5 Nxc5 20. Bxc5 bxc5 21. Nxf6+ Bxf6 22. Ne4 Be7 23. Nd2 Rb8 24. Be4 Bd5 25. Nf1 Bb3 26. Qe2 Bxd1 27. Rxd1 Bg5 28. Bd3 a5 29. Ng3 Rd8 30. Ne4 Be7 31. Rb1 Qd7 32. Bb5 Qd5 33. g3 Rb6 34. f3 Rbb8 35. Kf1 Qe5 36. Qc2 Rbc8 37. Bc4 Kg7 38. Re1 Qc7 39. Qe2 h6 40. Kg2 Rb8 41. Bb5 Qe5 42. Qf2 Qd5 43. Qe2 h5 44. h4 Rb6 45. Bc4 Qe5 46. Qf2 Qc7 47. Bb5 Bd6 48. Kh3 Be7 49. Kg2 f5 50. Nd2 f4 51. Nc4 fxg3 52. Qxg3 Qxg3+ 53. Kxg3 Rbb8 54. Rxe6 Bf6 55. Nxa5 Rd1 1/2-1/2

[Event "Heilbronner SV 2 - SF Deizisau 2"]
[Site "?"]
[Date "2023.11.05"]
[Round "3.5"]
[White "Valkova, Angelika"]
[Black "Geshnizjani, Ramin"]
[Result "0-1"]
[WhiteElo "2042"]
[BlackElo "2142"]
[PlyCount "66"]
[EventDate "2023.??.??"]

1. d4 d5 2. c4 e6 3. Nc3 Be7 4. cxd5 exd5 5. Bf4 c6 6. Qc2 Bd6 7. Bxd6 Qxd6 8. e3 Ne7 9. Bd3 b6 10. Nge2 Ba6 11. O-O Bxd3 12. Qxd3 O-O 13. Rac1 Nd7 14. Rfd1 Nf6 15. Ng3 Qe6 16. b4 a6 17. f3 Rfe8 18. e4 dxe4 19. fxe4 Ng6 20. d5 cxd5 21. exd5 Qd6 22. a3 Nf4 23. Qf3 Rad8 24. Rd4 Ne6 25. Rd2 Qf4 26. Qd3 Nc7 27. d6 Ne6 28. Nce2 Qe5 29. Rc6 Nd7 30. Qxa6 Qe3+ 31. Kf1 Qxd2 32. Rc1 Qxd6 33. Qb5 Nd4 0-1

[Event "Heilbronner SV 2 - SF Deizisau 2"]
[Site "?"]
[Date "2023.11.05"]
[Round "3.6"]
[White "Schaefer, Daniel"]
[Black "Gheng, Dominik"]
[Result "1-0"]
[WhiteElo "1877"]
[BlackElo "1947"]
[PlyCount "115"]
[EventDate "2023.??.??"]

1. d4 Nf6 2. c4 e6 3. Nc3 d5 4. cxd5 exd5 5. Bg5 Be7 6. e3 h6 7. Bh4 O-O 8. Bd3 b6 9. Nf3 Bb7 10. Rc1 Nbd7 11. O-O c5 12. Qe2 Ne4 13. Bxe7 Qxe7 14. dxc5 bxc5 15. Rfd1 Ndf6 16. Bxe4 dxe4 17. Nd2 a5 18. b3 Rfd8 19. Na4 Ba6 20. Qe1 Rac8 21. Nc4 Rxd1 22. Qxd1 Bxc4 23. Rxc4 Qe5 24. h3 Nd5 25. Nxc5 Nb6 26. Nd7 Rd8 27. Rd4 Rxd7 28. Rxd7 Nxd7 29. Qxd7 g6 30. Qd8+ Kh7 31. Qd4 Qe7 32. Qd5 Qc7 33. Qxe4 Qc1+ 34. Kh2 Qb2 35. Qa4 Qxf2 36. Qxa5 Qxe3 37. Qc7 Kg8 38. Qb8+ Kg7 39. a4 f5 40. Qc7+ Kg8 41. Qg3 Qe6 42. b4 g5 43. b5 f4 44. Qf3 Qb6 45. Qb3+ Kh7 46. Qf7+ Kh8 47. Qe8+ Kg7 48. Qd7+ Kf8 49. Qc6 Qxc6 50. bxc6 Ke7 51. Kg1 h5 52. Kf2 g4 53. h4 Kd6 54. Ke2 Kxc6 55. Kd3 Kc5 56. Ke4 f3 57. gxf3 g3 58. Ke3 1-0

[Event "Heilbronner SV 2 - SF Deizisau 2"]
[Site "?"]
[Date "2023.11.05"]
[Round "3.7"]
[White "Rempeli, Alex"]
[Black "Ludwig, Sebastian"]
[Result "1-0"]
[WhiteElo "2089"]
[BlackElo "1955"]
[PlyCount "83"]
[EventDate "2023.??.??"]

1. d4 d5 2. Nf3 Nf6 3. e3 e6 4. Bd3 c5 5. b3 Qa5+ 6. Bd2 Qd8 7. Bc1 Qa5+ 8. Bd2 Qd8 9. O-O Nc6 10. a3 Be7 11. Bc3 cxd4 12. exd4 O-O 13. Nbd2 a6 14. Qe2 b5 15. Ne5 Bb7 16. Bb2 Nxe5 17. dxe5 Nd7 18. b4 Nb6 19. Bd4 Nc4 20. Nb3 a5 21. Nc5 Qc7 22. f4 axb4 23. axb4 Rxa1 24. Rxa1 Ra8 25. Rf1 Bc8 26. Rf3 g6 27. g4 Bf8 28. h4 Qe7 29. Qh2 Bg7 30. h5 g5 31. h6 Bh8 32. Qh5 gxf4 33. Rxf4 f6 34. exf6 Qf7 35. Bxh7+ Kf8 36. Bg6 Qc7 37. Nd3 Nd6 38. Bc5 Ra1+ 39. Kh2 Bxf6 40. Rxf6+ Kg8 41. h7+ Kh8 42. Rf8+ 1-0

[Event "Heilbronner SV 2 - SF Deizisau 2"]
[Site "?"]
[Date "2023.11.05"]
[Round "3.8"]
[White "Lahouel, Kim-Luca"]
[Black "Koellner, Christof"]
[Result "0-1"]
[WhiteElo "1959"]
[BlackElo "2073"]
[PlyCount "52"]
[EventDate "2023.??.??"]

1. e4 d6 2. d4 Nf6 3. Bd3 e5 4. Ne2 Nbd7 5. O-O g6 6. f4 exd4 7. Nxd4 Bg7 8. Nc3 O-O 9. f5 c6 10. Kh1 Qb6 11. Nf3 Re8 12. Bc4 Qc5 13. Bb3 gxf5 14. Ng5 Ne5 15. Na4 Qa5 16. Qxd6 h6 17. Nf3 Nxe4 18. Qd1 Ng4 19. Kg1 b5 20. h3 bxa4 21. Bxf7+ Kxf7 22. hxg4 Qc5+ 23. Kh2 Nf2 24. Qd2 Nxg4+ 25. Kh1 Ba6 26. Qd7+ Kg8 0-1

[Event "SC Böblingen - SF Pfullingen"]
[Site "?"]
[Date "2023.11.05"]
[Round "3.1"]
[White "Braeuner, Uwe"]
[Black "Gaehwiler, Gabriel"]
[Result "0-1"]
[WhiteElo "2125"]
[BlackElo "2379"]
[PlyCount "56"]
[EventDate "2023.??.??"]

1. e4 c5 2. Nf3 d6 3. Bb5+ Bd7 4. Bxd7+ Nxd7 5. O-O Ngf6 6. Re1 e6 7. c4 Ne5 8. d4 Nxf3+ 9. gxf3 cxd4 10. Qxd4 Nd7 11. f4 Qh4 12. Nc3 d5 13. Be3 Bc5 14. Qd2 dxc4 15. Nb5 Rd8 16. Nc7+ Ke7 17. Rad1 Qg4+ 18. Kh1 b6 19. Qc2 Bxe3 20. Rxe3 Nc5 21. Rg1 Qxf4 22. Qxc4 Rd2 23. b4 Qxf2 24. Rh3 Rc2 25. Nd5+ exd5 26. Qxd5 Ne6 27. Qe5 Rd8 28. a4 Qxg1+ 0-1

[Event "SC Böblingen - SF Pfullingen"]
[Site "?"]
[Date "2023.11.05"]
[Round "3.2"]
[White "Hirneise, Jens"]
[Black "Finke, Dominik"]
[Result "1-0"]
[WhiteElo "2266"]
[BlackElo "2067"]
[PlyCount "123"]
[EventDate "2023.??.??"]

1. e4 e5 2. Nf3 Nf6 3. Nxe5 d6 4. Nf3 Nxe4 5. Bd3 Nc5 6. Be2 d5 7. d4 Ne4 8. O-O Bd6 9. c4 c6 10. Nc3 O-O 11. Qc2 Re8 12. Bd3 Bg4 13. Ne5 Bxe5 14. dxe5 Nxc3 15. Qxc3 Nd7 16. f4 dxc4 17. Bxc4 Be6 18. Bd3 Bd5 19. Be3 f6 20. Qc2 h6 21. Bg6 Re7 22. Qf2 fxe5 23. f5 Nf8 24. Bh5 Rd7 25. f6 Qxf6 26. Qxf6 gxf6 27. Rxf6 Rg7 28. g3 Nd7 29. Rxh6 Rf8 30. Be2 b6 31. Rh4 Rf6 32. a4 Nc5 33. b4 Ne4 34. Rg4 Rxg4 35. Bxg4 Nxg3 36. hxg3 Rg6 37. Be2 Rxg3+ 38. Kf2 Rg2+ 39. Ke1 Rh2 40. Bg1 Rh4 41. b5 Rb4 42. Be3 Kf8 43. Rc1 c5 44. Rxc5 Bb3 45. Rxe5 Rxa4 46. Kf2 Bc4 47. Bh5 Kg7 48. Bg5 a6 49. bxa6 Rxa6 50. Re7+ Kf8 51. Re8+ Kg7 52. Re7+ Kf8 53. Rc7 b5 54. Ke3 Re6+ 55. Kf4 Re1 56. Bf6 Rf1+ 57. Kg5 Be6 58. Re7 Rf5+ 59. Kg6 Bc8 60. Rc7 Be6 61. Rb7 Rc5 62. Be7+ 1-0

[Event "SC Böblingen - SF Pfullingen"]
[Site "?"]
[Date "2023.11.05"]
[Round "3.3"]
[White "Altenhof, Martin"]
[Black "Ortmann, David"]
[Result "0-1"]
[WhiteElo "2173"]
[BlackElo "2296"]
[PlyCount "90"]
[EventDate "2023.??.??"]

1. Nf3 d5 2. g3 Nf6 3. Bg2 c6 4. d3 Bf5 5. O-O e6 6. Nbd2 h6 7. c4 Be7 8. a3 a5 9. b3 O-O 10. Bb2 Nbd7 11. Ra2 Re8 12. Qa1 Qb6 13. Bc3 Qa6 14. Ne5 Nc5 15. Qb2 Bh7 16. Qc2 Rec8 17. Rfa1 b5 18. Rc1 Ne8 19. cxb5 cxb5 20. Qb1 Rc7 21. Rac2 Rac8 22. Bd4 f6 23. Nef3 e5 24. Bxc5 Rxc5 25. Rxc5 Bxc5 26. b4 axb4 27. axb4 Be7 28. Rxc8 Qxc8 29. Qb3 Nc7 30. Ne1 Qe6 31. Nc2 Kf8 32. Qc3 Qd7 33. Nb3 d4 34. Qc6 Qxc6 35. Bxc6 Bg8 36. Nc5 Bd5 37. Bd7 Bxc5 38. bxc5 Ke7 39. Bg4 Na6 40. e3 Bb3 41. Na3 b4 42. Nb5 Ba4 43. Nd6 Nxc5 44. Nf5+ Kf8 45. exd4 b3 0-1

[Event "SC Böblingen - SF Pfullingen"]
[Site "?"]
[Date "2023.11.05"]
[Round "3.4"]
[White "Mueller, Ralf"]
[Black "Schmidt, Olaf"]
[Result "1-0"]
[WhiteElo "2345"]
[BlackElo "2041"]
[PlyCount "75"]
[EventDate "2023.??.??"]

1. d4 Nf6 2. c4 g6 3. g3 Bg7 4. Bg2 O-O 5. Nc3 c5 6. Nf3 d5 7. cxd5 Nxd5 8. O-O Nc6 9. Nxd5 Qxd5 10. Be3 cxd4 11. Nxd4 Qh5 12. Nxc6 bxc6 13. Rc1 Bh3 14. Rc5 Qg4 15. Qc2 Bxg2 16. Kxg2 Rfb8 17. b3 a5 18. h3 Qb4 19. Rxc6 a4 20. Rc1 h5 21. Rc4 Qb7+ 22. Kh2 axb3 23. axb3 Bf6 24. b4 h4 25. gxh4 Kg7 26. Qe4 Qd7 27. Bd4 Ra6 28. Kg2 Re6 29. Bxf6+ exf6 30. Qf3 Qe7 31. h5 f5 32. hxg6 Rxg6+ 33. Kh1 Rg5 34. Rg1 Rb6 35. Rxg5+ Qxg5 36. Qg3 Kf6 37. Qxg5+ Kxg5 38. Kg2 1-0

[Event "SC Böblingen - SF Pfullingen"]
[Site "?"]
[Date "2023.11.05"]
[Round "3.5"]
[White "Klaric, Zoran"]
[Black "Tran, Thanh Kien"]
[Result "0-1"]
[WhiteElo "2001"]
[BlackElo "2163"]
[PlyCount "83"]
[EventDate "2023.??.??"]

1. f4 Nf6 2. Nf3 g6 3. g3 Bg7 4. Bg2 O-O 5. O-O c5 6. d3 Nc6 7. Nc3 d6 8. Rb1 Rb8 9. a3 b5 10. b4 cxb4 11. axb4 Ng4 12. Qe1 a5 13. bxa5 Qxa5 14. Bd2 b4 15. Ne4 Qa2 16. c3 Qa7+ 17. Kh1 d5 18. cxb4 dxe4 19. dxe4 Ne3 20. Bxe3 Qxe3 21. b5 Nd4 22. Qb4 Rxb5 23. Qxe7 Rxb1 24. Rxb1 Nxf3 25. Bxf3 Ba6 26. Qb4 Bxe2 27. Bxe2 Qxe2 28. e5 Rd8 29. Qe1 Qf3+ 30. Kg1 Bf8 31. Qf2 Qd5 32. Rc1 Ba3 33. Rc2 Bb4 34. h4 h5 35. Kh2 Qd1 36. Qe2 Qxe2+ 37. Rxe2 Kf8 38. Re4 Bc5 39. f5 Rd2+ 40. Kh3 gxf5 41. Rf4 Bg1 42. g4 0-1

[Event "SC Böblingen - SF Pfullingen"]
[Site "?"]
[Date "2023.11.05"]
[Round "3.6"]
[White "Schroeter, Samuel"]
[Black "Guess, Cornel-Andreas"]
[Result "1/2-1/2"]
[WhiteElo "2150"]
[BlackElo "1884"]
[PlyCount "105"]
[EventDate "2023.??.??"]

1. d4 d5 2. c4 e6 3. Nf3 c5 4. cxd5 exd5 5. Nc3 Nf6 6. Bg5 Be6 7. e4 dxe4 8. Nxe4 Nbd7 9. Qa4 Be7 10. Bxf6 gxf6 11. Rd1 O-O 12. Be2 Nb6 13. Qc2 cxd4 14. Nxd4 Rc8 15. Qb1 Qd5 16. Nxe6 Bb4+ 17. Kf1 Qxe6 18. g3 Qh3+ 19. Kg1 Kg7 20. Rd4 Be7 21. Nc3 f5 22. Rf4 Rc5 23. Bd3 Rd8 24. Bxf5 Qh6 25. Qe4 Bf6 26. Rg4+ Kf8 27. Kg2 Rd4 28. Qf3 Rxg4 29. Bxg4 Bxc3 30. bxc3 Qc6 31. Qxc6 Rxc6 32. Rc1 Na4 33. c4 b5 34. Bd7 Rc7 35. Bxb5 Nc5 36. Re1 a6 37. Be8 Rc8 38. Re5 f6 39. Rf5 Kxe8 40. Rxf6 a5 41. g4 Nd7 42. Rh6 Rxc4 43. Kg3 Nf8 44. h4 Ra4 45. h5 Rxa2 46. g5 Ra1 47. f4 a4 48. Ra6 a3 49. Kg2 Kf7 50. f5 Ra2+ 51. Kg3 Ra1 52. Kg2 Ra2+ 53. Kg3 1/2-1/2

[Event "SC Böblingen - SF Pfullingen"]
[Site "?"]
[Date "2023.11.05"]
[Round "3.7"]
[White "Einwiller, Bernd"]
[Black "Bauer, Peter"]
[Result "1/2-1/2"]
[WhiteElo "2091"]
[BlackElo "2191"]
[PlyCount "114"]
[EventDate "2023.??.??"]

1. c4 c6 2. Nf3 Nf6 3. Nc3 d5 4. e3 g6 5. d4 Bg7 6. cxd5 cxd5 7. Bd2 O-O 8. Rc1 a6 9. Ne5 Nfd7 10. Nxd7 Qxd7 11. Qb3 b5 12. Nxd5 Qe6 13. Nf4 Qxb3 14. axb3 Ra7 15. Be2 e5 16. dxe5 Bxe5 17. Nd3 Bd6 18. Bb4 Bxb4+ 19. Nxb4 Be6 20. Rc3 Rd8 21. Nd3 b4 22. Nxb4 Rb7 23. Nd3 Rxb3 24. Rxb3 Bxb3 25. Kd2 Bc4 26. Rc1 Bb5 27. Rc3 Nc6 28. Ke1 Rd6 29. Nf4 Bxe2 30. Kxe2 g5 31. Nd3 h6 32. Ra3 Nb8 33. Ra4 Nd7 34. Rd4 Rxd4 35. exd4 a5 36. Nc5 Nb6 37. g4 Kg7 38. Kd3 Kf6 39. Nb7 a4 40. Nc5 Ke7 41. Ke4 Kd6 42. Kd3 Kd5 43. f3 Kc6 44. Ne4 Kb5 45. Nd6+ Kb4 46. Kc2 f6 47. Ne4 Kc4 48. Nxf6 Kxd4 49. Ng8 Ke3 50. Kc3 Kxf3 51. Nxh6 Nd5+ 52. Kc4 Ne3+ 53. Kb4 Nd1 54. Kxa4 Nxb2+ 55. Kb5 Nd3 56. Nf7 Kxg4 57. Nxg5 Kxg5 1/2-1/2

[Event "SC Böblingen - SF Pfullingen"]
[Site "?"]
[Date "2023.11.05"]
[Round "3.8"]
[White "Born, Mario"]
[Black "Nagelsdiek, Michael"]
[Result "1-0"]
[WhiteElo "2151"]
[BlackElo "2038"]
[PlyCount "57"]
[EventDate "2023.??.??"]

1. d4 Nf6 2. Nf3 e6 3. g3 b6 4. Bg2 Bb7 5. O-O c5 6. c4 cxd4 7. Qxd4 Nc6 8. Qd3 Be7 9. Nc3 O-O 10. Bf4 d5 11. Ne5 Nxe5 12. Bxe5 Ba6 13. Nb5 Bxb5 14. cxb5 Nd7 15. Bc3 Re8 16. e4 Nc5 17. Qd4 Bf6 18. e5 Be7 19. b4 Nd7 20. f4 Rc8 21. a3 Rc4 22. Qd3 Nf8 23. f5 Qc8 24. Bd4 Rc2 25. f6 gxf6 26. exf6 Bd6 27. Qe3 Qc4 28. Bf3 Qxb5 29. Qh6 1-0